000 00526cab a2200205 4500
001 X98920
008 090401t1999 xxu||||| |||| 00| 0 eng d
035 _a(Sirsi) u93668
041 _aeng
245 _aR v Newport BC ex p Avery
260 _c1999
350 _a0
490 _aJournal of Planning and Environment Law
_v[1999] JPL 452
650 _aBIAS
650 _aPLANNING PERMISSION
650 _aR V NEWPORT BC EX P AVERY
690 _aPLANNING LAW AND PRACTICE-CASE LAW
942 _n0
948 _c01/06/1999
999 _c59366
_d59366